Jak zefektivnit prodejní tréninky

Chyby, ktorých sa predajcovia pri komunikácii so zákazníkmi dopúšťajú.

Gespeichert in:
Bibliographische Detailangaben
1. Verfasser: Urban, Jan
Format: Buchkapitel
Sprache:Tschechisch
Schlagworte:
Tags: Tag hinzufügen
Keine Tags, Fügen Sie das erste Tag hinzu!

MARC

LEADER 00000naa a2200000 4500
001 0174554
005 20231019120309.1
041 0 |a cze 
044 |a CZ 
245 1 0 |a Jak zefektivnit prodejní tréninky  |c Jan Urban 
520 |a Chyby, ktorých sa predajcovia pri komunikácii so zákazníkmi dopúšťajú. 
610 2 0 |a predaj 
610 2 0 |a predajcovia 
610 2 0 |a zákazníci 
610 2 0 |a komunikácia 
100 1 |a Urban, Jan